000 00486cam a2200205u 4500
001 7514839
005 20180109084106.0
008 821203s1964 njuabc 000 0 eng
010 _a 64002739
040 _aDLC
_cCarP
_dDLC
041 _aeng
080 _a94
082 _a94 BEC
100 1 _a16
101 _aHIS
245 0 0 _aModern history; Europe since 1600.
740 _aEurope since 1600.
906 _a0
_bcbc
_cpremunv
_du
_encip
_f19
_gy-gencatlg
942 _2ddc
_cBK
999 _c39961
_d39961